Vista normal Vista MARC

Entrada Corporate Name

Número de registros utilizados en: 1

001 - CONTROL NUMBER

  • control field: 13354

003 - CONTROL NUMBER IDENTIFIER

  • control field: OSt

005 - DATE AND TIME OF LATEST TRANSACTION

  • control field: 20210211151948.0

008 - FIXED-LENGTH DATA ELEMENTS

  • fixed length control field: 210211|| aca||aabn | a|a d

040 ## - CATALOGING SOURCE

  • Original cataloging agency: OSt
  • Transcribing agency: OSt

110 ## - HEADING--CORPORATE NAME

  • Corporate name or jurisdiction name as entry element: Colombia
  • Title of a work: Ley 734 de 2002 (febrero 5)

670 ## - SOURCE DATA FOUND

  • Source citation: Work cat.: (OSt)0: Colombia 8040, Código disciplinario único : , 2008.